000 00720nam a2200253Ia 4500
003 OSt
005 20220918185358.0
006 a|||||r|||| 00| 0
007 ta
008 220917b |||||||| |||| 00| 0 eng d
024 _a50,801
037 _cTextual
040 _aARTS
_cARTS
_beng
041 _2eng
_aeng
082 _aP:(S)z7, L7 (MPhil)
100 _aGarnica Olga K edq
_968840
245 0 _aPapers in psycholinguistrics and sociolinguistics
260 _aOhio
_bOhio State Univ
_c1977
300 _av,151p.
_ccm.
490 _aWorking papers in linguistics; 22
650 _aLINGUISTICS
942 _hP:(S)z7, L7 (MPhil)
_cTEXL
_2CC
999 _c180396
_d180396